| 000 | 00537nam a22001817a 4500 | ||
|---|---|---|---|
| 005 | 20251108171745.0 | ||
| 008 | 250721s1994 xx 000 0 ara d | ||
| 082 | 1 | 4 | _a128.3/سيط |
| 245 | 1 | 0 | _aالسيطرة على النفس / |
| 250 | _aط5 .، منقحة و مزيدة | ||
| 264 | 1 |
_aبيروت : _bدار الآفاق الجديدة، _c1994. |
|
| 300 | _a144ص | ||
| 490 | 0 | _aالسيكولوجية المبسطة | |
| 650 | 1 | 7 | _aالإرادة |
| 650 | 1 | 7 | _aالصحة النفسية |
| 942 |
_2ddc _cBK |
||
| 999 |
_c61765 _d61765 |
||